000
00252nam a2200097Ia 4500
001
645845
005
20250826153631.0
008
250824s9999 xx 000 0 und d
245
0
_a
PERİ KIZI İLE ÇOBAN HİKAYESİ
_c
ORHAN SEYFİ ORHAN
260
_b
ANONİM
999
_c
645845
_d
645845